Understanding labor and employment law in China / (Record no. 541011)
[ view plain ]
| 000 -LEADER | |
|---|---|
| fixed length control field | 01491cam a22002294a 4500 |
| 020 ## - INTERNATIONAL STANDARD BOOK NUMBER | |
| International Standard Book Number | 9780521191487 (hbk.) |
| 082 00 - DEWEY DECIMAL CLASSIFICATION NUMBER | |
| Classification number | 344.5101 |
| 100 1# - MAIN ENTRY--PERSONAL NAME | |
| Personal name | Brown, Ronald C. |
| 245 10 - TITLE STATEMENT | |
| Title | Understanding labor and employment law in China / |
| Statement of responsibility, etc. | Ronald C. Brown. |
| 260 ## - PUBLICATION, DISTRIBUTION, ETC. | |
| Place of publication, distribution, etc. | Cambridge ; |
| -- | New York, NY : |
| Name of publisher, distributor, etc. | Cambridge University Press, |
| Date of publication, distribution, etc. | 2010. |
| 300 ## - PHYSICAL DESCRIPTION | |
| Extent | xiv, 332 p. : |
| Other physical details | forms ; |
| Dimensions | 24 cm. |
| 504 ## - BIBLIOGRAPHY, ETC. NOTE | |
| Bibliography, etc. note | Includes bibliographical references and index. |
| 650 #0 - SUBJECT ADDED ENTRY--TOPICAL TERM | |
| Topical term or geographic name entry element | Labor laws and legislation |
| 650 #0 - SUBJECT ADDED ENTRY--TOPICAL TERM | |
| Topical term or geographic name entry element | NLS2024, NLSETEXTBOOKS, NLSEBOOKBANK | |
| 856 ## - Uniform Resource Identifier | |
| Uniform Resource Identifier | <a href="http://10.250.8.41:8080/xmlui/handle/123456789/47849">http://10.250.8.41:8080/xmlui/handle/123456789/47849</a> |
| 942 ## - ADDED ENTRY ELEMENTS (KOHA) | |
| Source of classification or shelving scheme | |
| Koha item type | Book |
| 650 #0 - SUBJECT ADDED ENTRY--TOPICAL TERM | |
| -- | 55118 |
| 650 #0 - SUBJECT ADDED ENTRY--TOPICAL TERM | |
| -- | 126870 |
| 650 #0 - SUBJECT ADDED ENTRY--TOPICAL TERM | |
| -- | 108122 |
| Withdrawn status | Lost status | Source of classification or shelving scheme | Damaged status | Not for loan | Permanent Location | Current Location | Shelving location | Date acquired | Full call number | Barcode | Date last seen | Price effective from | Koha item type |
|---|---|---|---|---|---|---|---|---|---|---|---|---|---|
| NUST Law School (NLS) | NUST Law School (NLS) | Chinese Studies | 11/16/2020 | 344.5101 BRO | CL-481 | 07/01/2021 | 11/16/2020 | Book |
